| 000 | 00754cam a2200265Ma 4500 | ||
|---|---|---|---|
| 001 | 99878 | ||
| 005 | 20230411085921.0 | ||
| 008 | 050111s2003 nyu 000 0 eng d | ||
| 035 | _a(OCoLC)ocn717977587 | ||
| 040 |
_aRERO vsbcvs _bfre _cCHRRO |
||
| 020 | _a0060512636 | ||
| 020 | _a9780060512637 | ||
| 029 | 0 |
_aCHRRO _bR003768268 |
|
| 035 | _a(OCoLC)717977587 | ||
| 049 | _aGRAL | ||
| 050 | 1 | 4 | _a |
| 100 | 1 |
_aWilder, Thornton, _d1897-1975. |
|
| 245 | 1 | 0 |
_aOur town : _ba play in three acts / _cThornton Wilder. |
| 260 |
_aNew York : _bPerennial an Imprint of HarperCollins Publ., _c2003. |
||
| 300 |
_aXX, 181 p. : _bill. ; _c21 cm. |
||
| 490 | 1 | _aPerennial classics | |
| 830 | 0 | _aPerennial classic | |
| 942 |
_2lcc _cbk |
||
| 994 |
_aC0 _bDRFGD |
||
| 999 |
_c109283 _d109283 |
||